Census County Divisions of New Mexico With a Map - Statistics

General Stats
  • This quiz has been taken 208 times
  • The average score is 32 of 130
Answers on the Map
Answers color-coded by a green-red scale on the quiz's map according to % correct below.
 
Answer Stats
County CCD % Correct
Bernalillo Albuquerque
90%
Santa Fe Santa Fe
90%
Los Alamos Los Alamos
77%
Chaves Roswell
74%
Doña Ana Las Cruces
73%
Taos Taos
61%
San Juan Farmington
59%
McKinley Gallup
56%
Otero Alamogordo
54%
Sandoval Rio Rancho
53%
Lea Hobbs
51%
Eddy Carlsbad
50%
Curry Clovis
50%
San Miguel Las Vegas
50%
Socorro Socorro
49%
Grant Silver City
43%
Quay Tucumcari
43%
Roosevelt Portales
41%
Eddy Loving
40%
Mora Mora
40%
Doña Ana Doña Ana-Hill
39%
Cibola Grants
39%
Valencia Los Lunas
39%
Lea Lovington
37%
Lincoln Ruidoso
37%
Eddy Artesia
36%
Colfax Raton
36%
Guadalupe Santa Rosa
36%
San Juan Shiprock-Sanostee
34%
Catron Reserve
33%
McKinley Zuni
31%
Cibola Zuni-Ramah Navajo
31%
Lincoln Carrizozo
30%
Doña Ana Anthony
29%
San Juan Aztec
29%
Valencia Belen
29%
San Juan Bloomfield
29%
Colfax Cimarron
27%
Doña Ana Hatch
27%
Lea Jal
27%
Otero Mescalero
27%
Otero Tularosa
27%
Doña Ana White Sands
27%
Sandoval Cuba
26%
Chaves Dexter
26%
Torrance Mountainair-Encino
26%
Lincoln Capitan
24%
Lea Eunice
24%
Socorro Magdalena
24%
Guadalupe Vaughn
24%
Mora Wagon Mound
24%
Los Alamos White Rock
24%
Chaves Hagerman
23%
Sandoval Jemez-Zia
23%
Colfax Springer
23%
San Miguel Pecos
21%
Catron Quemado
21%
Taos Questa
21%
Lincoln Corona
20%
Torrance Estancia
20%
Quay Logan-Nara Visa
20%
Lea Tatum
20%
Bernalillo East Bernalillo
19%
De Baca East De Baca
19%
Curry Melrose
19%
Chaves Northeast Chaves
19%
Chaves Northwest Chaves
19%
Rio Arriba Ohkay Owingeh
19%
Grant Santa Clara
19%
Santa Fe Santa Fe North
19%
Santa Fe Santa Fe South
19%
Chaves Southeast Chaves
19%
Chaves Southwest Chaves
19%
Rio Arriba Tierra Amarilla
19%
Bernalillo West Bernalillo
19%
De Baca West De Baca
19%
Grant Bayard-Santa Rita
17%
Cibola Laguna
17%
Hidalgo North Hidalgo
17%
Hidalgo South Hidalgo
17%
McKinley Crownpoint
16%
Luna Deming North
16%
Luna Deming South
16%
Grant Hurley
16%
Bernalillo Isleta Pueblo
16%
Quay San Jon
16%
Taos Taos Pueblo
16%
Rio Arriba Chimayo
14%
Rio Arriba Dixon
14%
Lincoln Hondo
14%
Quay House-Forrest
14%
Rio Arriba Jicarilla Apache
14%
Grant Mimbres
14%
McKinley Navajo Nation
14%
Harding North Harding
14%
Taos Picuris
14%
Harding South Harding
14%
Rio Arriba South Rio Arriba
14%
Taos Tres Piedras
14%
Grant Tyrone
14%
Socorro Claunch
13%
Union Clayton North
13%
Union Clayton South
13%
Roosevelt Elida
13%
Doña Ana South Doña Ana
13%
Taos Arroyo Hondo
11%
Grant Pinos Altos
11%
Sierra Truth or Consequences East
11%
Rio Arriba West Rio Arriba
11%
Roosevelt Dora
10%
Taos Peñasco
10%
Sierra Truth or Consequences West
10%
San Miguel Villanueva
10%
Sandoval Santo Domingo-San Felipe
9%
Otero Southeast Otero
9%
San Miguel Conchas Dam
6%
Rio Arriba Coyote
6%
Cibola Fence Lake
6%
Eddy Loco Hills
6%
San Miguel Trementina
6%
Curry Broadview
4%
Guadalupe Dilia
4%
Doña Ana Fairacres
4%
San Juan Naschitti
3%
San Juan Nenahnezad-Burnham
3%
McKinley Red Rock
3%
Rio Arriba Rio Chama
3%
Rio Arriba Santa Clara Pueblo
3%
Rio Arriba Vallecitos
3%
San Juan Napi Headquarters
1%
No matching quizzes found
Score Distribution
Percent of People with Each Score
Percentile by Number Answered
Your Score History
You have not taken this quiz